| 000 | 01232cab a2200205 4500 | ||
|---|---|---|---|
| 001 | ##L132562 | ||
| 008 | 060217n2006 000 0 eng u | ||
| 035 | _a(Sirsi) u132562 | ||
| 041 | 0 | _aeng | |
| 100 | 1 | _aSmulian, Mark | |
| 245 | 0 | 0 | _aOpening doors |
| 260 | _c2006 | ||
| 490 | 0 |
_aLaw Society's Gazette _v103( 06) 9 February 2006, 18-19(2) |
|
| 520 | _aLooks at the solicitor-as-estate agent concept pioneered in Scotland by the Edinburgh Solicitors Property Centre (ESPC) as it spreads south of the border. ESPC acts a one-stop shop offering estate agency, conveyancing and financial services advice. Although the English version of ESPC, Solicitors Property Shop, has since its launch in 1998 made slower and less successful progress than expected, suggests that the concept will gain in popularity as solicitors gear themselves up to the launch of compulsory Home Information Packs (HIPs) in July 2007. Details the problematic aspects of the concept. Notes however that the Law Society plans to market its own HIPs solution to solicitors. | ||
| 590 | _aIKA280206 | ||
| 650 | 2 | 4 | _aHOUSING ACT 2004 |
| 650 | 2 | 4 | _aHOME INFORMATION PACKS |
| 690 | _aPROPERTY-RESIDENTIAL PROPERTY-RESIDENTIAL PROPERTY AGENCY | ||
| 942 | _n0 | ||
| 999 |
_c76495 _d76495 |
||